Дух нерожденных

Dettagli Bibliografici
Lingua:russo
Pubblicazione: Новосибирск, 1993
Soggetti:
Natura: Libro
KOHA link:https://koha.lib.tpu.ru/cgi-bin/koha/opac-detail.pl?biblionumber=18900

MARC

LEADER 00000nam0a2200000 4500
001 18900
005 20231030191446.0
035 |a (RuTPU)RU\TPU\book\19055 
035 |a BOOK00003743 
090 |a 18900 
100 |a 20011209d1993 m y0rusy50 ca 
101 0 |a rus 
102 |a RU 
105 |a y z 000zy 
200 1 |a Дух нерожденных 
210 |a Новосибирск  |d 1993 
215 |a 48 с. 
610 1 |a теософия 
610 1 |a космизм 
610 1 |a эзотерическое христианство 
686 |a Э441  |v LBC/SL-A  |2 rubbk 
801 0 |a RU  |b 63413507  |c 20011209  |g PSBO 
801 2 |a RU  |b 63413507  |c 20170529  |g PSBO 
942 |c BK